Diseño de un Sistema de Administración Logística de Red de Transporte y Flotilla para COESA
Guardado en:
| Autor principal: | |
|---|---|
| Otros Autores: | , , |
| Formato: | Libro |
| Lenguaje: | Spanish |
| Publicado: |
[san José, Costa Rica]
2014
|
| Materias: | |
| Etiquetas: |
Agregar Etiqueta
Sin Etiquetas, Sea el primero en etiquetar este registro!
|
MARC
| LEADER | 00000nam a2200000Ia 4500 | ||
|---|---|---|---|
| 003 | 013283 | ||
| 005 | 20230320134624.0 | ||
| 008 | 140114s2014 cr a 000 ||spa d | ||
| 040 | |c cru CEDI | ||
| 100 | |a Cubillo Zamora, Daniela María, 1990- |9 308 | ||
| 245 | |a Diseño de un Sistema de Administración Logística de Red de Transporte y Flotilla para COESA | ||
| 260 | |a [san José, Costa Rica] |c 2014 | ||
| 500 | |a Proyecto de graduación (licenciatura en ingeniería industrial)--Universidad de Costa Rica. Facultad de Ingeniería. Escuela de Ingeniería Industrial | ||
| 501 | |a Director de Proyecto de Graduación: Ing. José Roig Zamora | ||
| 650 | |z PLANIFICACION EMPRESARIAL |z CONTROL DE PROCESOS |z PLANIFICACION ESTRATEGICA - DISEÑO |z GESTION INDUSTRIAL - COSTA RICA |z ADMINISTRACION DE LA PRODUCCION |z GESTION EMPRESARIAL - COSTA RICA | ||
| 700 | |9 309 |a Pandolfi González, Marcelo, 1990- | ||
| 700 | |9 310 |a Rojas Castro, Alina, 1990- | ||
| 700 | |9 311 |a Roig Zamora, José Francisco, 1978- |d Director del TFG | ||
| 942 | |c CEDI | ||
| 999 | |c 12911 |d 12911 | ||
